000 00302 a2200121 4500
000 nam a22 7a 4500
005 20260207132222.0
020 _a9789394384132
100 _aKrishna Kumari
_91114349
245 _aVedas A Remedy for all Humans
260 _bSaddle Publishers
_c2024
942 _cTEXL
999 _c1678893
_d1678893